The encyclopedia of molecular biology

The Encyclopedia houses two types of article entry. Short articles of up to 100 words offer a short definition which is fully cross-referenced to article length entries of between 1,000 - 3,000 words. This unique cross-reference system allows the reader to approach their subject at the required leve...

ver descrição completa

Na minha lista:
Detalhes bibliográficos
Formato: Livro
Idioma:Undetermined
Publicado em: Oxford,Cambridge, Mass., USA Blackwell Science 1994
Assuntos:
Tags: Adicionar Tag
Sem tags, seja o primeiro a adicionar uma tag!
Thư viện lưu trữ: Trung tâm Học liệu Trường Đại học Cần Thơ
LEADER 00925nam a2200193Ia 4500
001 CTU_170285
008 210402s9999 xx 000 0 und d
020 |c 151.26 
082 |a 574.8803 
082 |b E56 
245 4 |a The encyclopedia of molecular biology 
245 0 |c editor-in-chief, Sir John Kendrew ; executive editor, Eleanor Lawrence 
260 |a Oxford,Cambridge, Mass., USA 
260 |b Blackwell Science 
260 |c 1994 
520 |a The Encyclopedia houses two types of article entry. Short articles of up to 100 words offer a short definition which is fully cross-referenced to article length entries of between 1,000 - 3,000 words. This unique cross-reference system allows the reader to approach their subject at the required level of detail and sophistication 
650 |a Molecular biology,Sinh học phân tử 
910 |a Nguyên 
980 |a Trung tâm Học liệu Trường Đại học Cần Thơ